| 000 | 00721nam a2200205Ia 4500 | ||
|---|---|---|---|
| 003 | GCL | ||
| 008 | 140319s9999 xx 000 0 ara d | ||
| 040 |
_aGCL / _cGCL |
||
| 082 | 0 | 4 |
_a415 _bهـ خ |
| 100 | 1 | _aهدى جنهويشى | |
| 245 | 1 | 0 |
_aخلاف الاخفش الاوسط عن سيبوية: من خلال شروح الكتاب حتى نهاية القرن الرابع الهجرى / _cهدى جنهويشى |
| 250 | _aالاولى | ||
| 260 |
_aالاردن : _bمكتبة دار الثقافة ، _c1993 |
||
| 300 |
_a556 ص ؛ _c24 سم |
||
| 650 | 0 | 4 | _aالنحو |
| 650 | 0 | 4 | _aاللغة العربية |
| 650 | 0 | 4 | _aالدلالة- علم |
| 650 | 0 | 4 | _aاللغة العبرية |
| 942 |
_2ddc _cBK |
||
| 999 |
_c35078 _d35078 |
||